Catálogo
 En Linea

The law of the sea of the arctic : (Registro nro. 12291)

Detalles MARC
000 -CABECERA
campo de control de longitud fija 01130cam a2200313 4500
001 - NÚMERO DE CONTROL
campo de control 000012639
003 - IDENTIFICADOR DEL NÚMERO DE CONTROL
campo de control DO-SdBNP
005 - FECHA Y HORA DE LA ÚLTIMA TRANSACCIÓN
campo de control 20251210111112.0
008 - DATOS DE LONGITUD FIJA--INFORMACIÓN GENERAL
campo de control de longitud fija 740415s1973 oncab b 001 0 eng d
020 ## - NÚMERO INTERNACIONAL ESTÁNDAR DEL LIBRO
Número Internacional Estándar del Libro 0776620126
040 ## - FUENTE DE LA CATALOGACIÓN
Centro catalogador/agencia de origen DO-SdBNP
Lengua de catalogación spa
Centro/agencia transcriptor BNPHU
043 ## - CÓDIGO DE ÁREA GEOGRÁFICA
Código de área geográfica n-cn-
049 ## - FONDOS LOCALES (OCLC)
Fondos de biblioteca BNGR
082 ## - NÚMERO DE LA CLASIFICACIÓN DECIMAL DEWEY
Número de clasificación 343.096
Número de documento/Ítem P536L
100 1# - ENTRADA PRINCIPAL--NOMBRE DE PERSONA
Nombre de persona Pharand, Donat,
9 (RLIN) 29413
245 14 - MENCIÓN DE TÍTULO
Título The law of the sea of the arctic :
Resto del título with special reference to Canada /
Mención de responsabilidad, etc. Donat Pharand.
260 ## - PUBLICACIÓN, DISTRIBUCIÓN, ETC.
Lugar de publicación, distribución, etc. Ottawa, :
Nombre del editor, distribuidor, etc. University of Ottawa,
Fecha de publicación, distribución, etc. 1973.
300 ## - DESCRIPCIÓN FÍSICA
Extensión xxii, 367 p. :
Otras características físicas ill., maps. ;
Dimensiones 22 cm.
490 0# - MENCIÓN DE SERIE
Mención de serie Collection des travaux de la Faculté de droit de l'Université d'Ottawa
Designación de volumen o secuencia 7
490 1# - MENCIÓN DE SERIE
Mención de serie Monographies juridiques
Designación de volumen o secuencia 7
500 ## - NOTA GENERAL
Nota general Includes index
504 ## - NOTA DE BIBLIOGRAFÍA, ETC.
Nota de bibliografía, etc. Bibliography: p. [325]-355.
650 #0 - PUNTO DE ACCESO ADICIONAL DE MATERIA--TÉRMINO DE MATERIA
Término de materia o nombre geográfico como elemento de entrada Derecho marítimo
Subdivisión geográfica Cánada
9 (RLIN) 9352
650 #4 - PUNTO DE ACCESO ADICIONAL DE MATERIA--TÉRMINO DE MATERIA
Término de materia o nombre geográfico como elemento de entrada Aguas jurisdiccionales
Subdivisión geográfica Cánada.
9 (RLIN) 29415
650 #0 - PUNTO DE ACCESO ADICIONAL DE MATERIA--TÉRMINO DE MATERIA
Término de materia o nombre geográfico como elemento de entrada Derecho marítimo internacional
9 (RLIN) 9353
830 #0 - PUNTO DE ACCESO ADICIONAL DE SERIE-TÍTULO UNIFORME
Título uniforme Collection des travaux de la Faculté de droit de l'Université d'Ottawa
Nombre de parte o sección de la obra Monographies juridiques
Designación de volumen o secuencia 7
9 (RLIN) 29416
910 ## - DATOS DE OPCIÓN DEL USUARIO (OCLC)
Datos de opción del usuario Catalogación derivada
942 ## - ELEMENTOS DE PUNTO DE ACCESO ADICIONAL (KOHA)
Fuente del sistema de clasificación o colocación Dewey Decimal Classification
Tipo de ítem Koha Libro
Existencias
Estado de retiro Estado de pérdida Restricciones de uso No para préstamo Código de colección Localización permanente Ubicación/localización actual Ubicación en estantería Fecha de adquisición Número de inventario Total de préstamos Signatura topográfica completa Código de barras Fecha visto por última vez Número de copia Precio válido a partir de Tipo de ítem Koha
    Préstamo restringido Préstamo restrigido Monografías: Libros y Folletos General General En catalogación 13.11.2009 LF1   343.096 P536L 12639-10 25.06.2020 e. 1 25.06.2020 Préstamo interno

Con tecnología Koha